| 000 | 00819cab a2200241 4500 | ||
|---|---|---|---|
| 001 | ABS53081 | ||
| 008 | 090401t1995 xxu||||| |||| 00| 0 eng d | ||
| 035 | _a(Sirsi) u1869 | ||
| 041 | _aeng | ||
| 100 | _aChart, J. | ||
| 245 | 4 | _aThe landlord, the tenant and the gas man | |
| 260 | _c1995 | ||
| 350 | _a0 | ||
| 490 |
_aEstate Agent _vJune 1995, 28-29(2) |
||
| 520 | _aDiscusses the implications for landlords of the introduction of the Gas Safety (Installation and Use) Regulations 1994 which requires the regular inspection and maintenance of gas appliances. | ||
| 650 | _aGAS APPLIANCES | ||
| 650 | _aGAS SAFETY (INSTALLATION AND USE) REGULATIONS 1994 | ||
| 650 |
_aHEALTH AND SAFETY _96244 |
||
| 650 | _aRENTED ACCOMMODATION | ||
| 690 |
_aLANDLORD AND TENANT _96252 |
||
| 942 | _n0 | ||
| 948 | _c04/03/1997 | ||
| 999 |
_c1088 _d1088 |
||